| 000 | 00877nmm a2200277 a 4500 | ||
|---|---|---|---|
| 001 | ocm000598260 | ||
| 003 | TR-IsHL | ||
| 005 | 20201028133250.0 | ||
| 008 | 131121s2010 tu tur | ||
| 007 | cr cn | ||
| 020 | _a9786053670681 | ||
| 035 |
_a598260 _b(N$T) |
||
| 050 | 0 | 4 |
_aBF575.B46 _bM47 2010 |
| 090 | 0 | 4 |
_aBF575.B46 _bM47 2010 |
| 100 | 1 | _aMert, Yüksel | |
| 245 | 1 | 0 |
_aBen sana mecburum: aşka dair herşey A'dan Z'ye aşkın tarihi _h[electronic resource] / _cYüksel Mert ; ed. İbrahim Özbay |
| 260 |
_aİstanbul : _bAkis Kitap, _c2010 |
||
| 300 | _a128 p. | ||
| 650 | 4 | _aDil ve Edebiyat | |
| 650 | 4 | _aLanguage and Literature | |
| 650 | 0 | _aAşk | |
| 650 | 0 | _aLove | |
| 650 | 7 |
_aPSYCHOLOGY / Emotions _2bisacsh |
|
| 700 | 1 | _aÖzbay, İbrahim | |
| 856 | 4 | 0 | _uhttp://search.ebscohost.com/login.aspx?direct=true&scope=site&db=e011xww&AN=598260 |
| 999 |
_c5544 _d5544 |
||